| 000 | 00803cam a2200157 4500500 | ||
|---|---|---|---|
| 005 | 20260111085354.0 | ||
| 041 | _afre | ||
| 042 | _adc | ||
| 100 | 1 | 0 |
_aAmaladoss, Michaël _eauthor |
| 245 | 0 | 0 | _aComment les Hindous voient le Christ |
| 260 | _c2004. | ||
| 500 | _a97 | ||
| 520 | _aRésuméDes Hindous qui critiquent ou même s’opposent à la religion chrétienne reconnaissent en Jésus un maître, guru ou avatar, non seulement pour les chrétiens mais pour eux-mêmes. Ils ne peuvent accepter qu’il soit l’Unique, le Dieu Suprême. Mais il n’ont aucune difficulté à admettre le caractère « divin » de Jésus. | ||
| 786 | 0 | _nÉtudes | 400 | 2 | 2004-02-01 | p. 201-209 | 0014-1941 | |
| 856 | 4 | 1 | _uhttps://shs.cairn.info/revue-etudes-2004-2-page-201?lang=fr&redirect-ssocas=7080 |
| 999 |
_c1618091 _d1618091 |
||